000 00264nam a2200109Ia 4500
008 190914s9999||||xx |||||||||||||| ||und||
100 _aMintzberg, Quinn
245 4 _aThe Strategy Process
260 _aNew Delhi
_bMcGraw -Hill
_c1991
300 _a1134
942 _cBK
999 _c8367
_d8367